| Tag |
First Indicator |
Second Indicator |
Subfields |
| LEADER |
00000cam a2200000 a 4500 |
| 001 |
in00001243021 |
| 005 |
20151003061710.0 |
| 008 |
950421s1995 ne a b 000 0 eng d |
| 020 |
|
|
|a 9053561315 (pbk.)
|
| 020 |
|
|
|a 9053561706 (hardbound)
|
| 035 |
|
|
|a (OCoLC)32352150
|
| 035 |
|
|
|9 AGS5536AM
|
| 040 |
|
|
|a IAI
|c IAI
|d TXA
|d UtOrBLW
|
| 041 |
1 |
|
|a eng
|h fre
|
| 049 |
|
|
|a TXAM
|
| 090 |
|
|
|a PN1995
|b .F543 1995
|
| 245 |
0 |
4 |
|a The film spectator :
|b from sign to mind /
|c edited by Warren Buckland.
|
| 264 |
|
1 |
|a Amsterdam :
|b Amsterdam University Press,
|c [1995]
|
| 264 |
|
4 |
|c ©1995
|
| 300 |
|
|
|a 258 pages :
|b illustrations ;
|c 23 cm.
|
| 336 |
|
|
|a text
|b txt
|2 rdacontent
|
| 337 |
|
|
|a unmediated
|b n
|2 rdamedia
|
| 338 |
|
|
|a volume
|b nc
|2 rdacarrier
|
| 490 |
1 |
|
|a Film culture in transition
|
| 546 |
|
|
|a Work of European film scholars translated from French into English.
|
| 504 |
|
|
|a Includes bibliographical references (pages 250-255).
|
| 650 |
|
0 |
|a Motion pictures
|x Semiotics.
|
| 650 |
|
0 |
|a Motion pictures
|x Philosophy.
|
| 700 |
1 |
|
|a Buckland, Warren.
|
| 830 |
|
0 |
|a Film culture in transition.
|
| 999 |
|
|
|a MARS
|
| 999 |
f |
f |
|s 3f2c36e1-f95d-3b39-93c9-9d17760c5c2d
|i e3ce7962-81ea-3d85-a01e-932eb75d2716
|t 0
|
| 952 |
f |
f |
|p ric
|a Texas A&M University
|b Rellis Campus
|c Joint Library Facility
|d Remote Storage
|t 0
|e PN1995 .F543 1995
|h Library of Congress classification
|i unmediated -- volume
|m A14819156027
|
| 998 |
f |
f |
|a PN1995 .F543 1995
|t 0
|l Remote Storage
|